000 00440nam a2200145 i 4500
001 bg
245 0 _aĆwiczenia laboratoryjne z mechaniki płynów :
_bprotokóły pomiarów i wyniki obliczeń : praca zbiorowa /
_cpod red. Edwarda Walickiego.
260 _aBydgoszcz,
_c1978.
700 1 _aWalicki, Edward.
_eRed.
040 _cBPK
041 _apol
080 _a532(075.8)(076)
942 _cKS
008 s pl f |000 0 pol
999 _c9853
_d9853
856 _uhttp://koha.tu.koszalin.pl/cgi-bin/koha/opac-detail.pl?biblionumber=9853
_yKatalog online BPK